مكتبة جامعة عجلون الوطنية

فهرس بحث المكتبة

أثر التكنولوجيا المالية على سرعة إنجاز العمليات التمويلية في المصارف الإسلامية الأردنية = The Impact of Financial Technology on the Speed of Completion of Financing Pperation in Jordanian Islamic Bank (Record no. 33949)

MARC details
000 -LEADER
fixed length control field 01137nam a22001937a 4500
003 - CONTROL NUMBER IDENTIFIER
control field JO-AjAnu
005 - DATE AND TIME OF LATEST TRANSACTION
control field 20250715222854.0
008 - FIXED-LENGTH DATA ELEMENTS--GENERAL INFORMATION
fixed length control field 250715b jo ||||| |||| 00| 0 ara d
040 ## - CATALOGING SOURCE
Original cataloging agency ANU
Transcribing agency JO-AjAnu
041 ## - LANGUAGE CODE
Language code of original ARA
100 ## - MAIN ENTRY--PERSONAL NAME
Personal name الحنيطي، علي محمود مفلح
Relator term معد
9 (RLIN) 66601
245 ## - TITLE STATEMENT
Title أثر التكنولوجيا المالية على سرعة إنجاز العمليات التمويلية في المصارف الإسلامية الأردنية = The Impact of Financial Technology on the Speed of Completion of Financing Pperation in Jordanian Islamic Bank
Statement of responsibility, etc. / إعداد علي محمود مفلح الحنيطي ؛ اشراف محي الدين يعقوب أبو الهول
260 ## - PUBLICATION, DISTRIBUTION, ETC.
Date of publication, distribution, etc. 2025
300 ## - PHYSICAL DESCRIPTION
Extent 105 ورقة
500 ## - GENERAL NOTE
General note رسالة جامعية (رسالة ماجستير في المصارف الإسلامية) - جامعة عجلون الوطنية (الأردن-عجلون) - كلية الأعمال، 2025
650 ## - SUBJECT ADDED ENTRY--TOPICAL TERM
Form subdivision البنوك الإسلامية-تكنولوجيا مالية
700 ## - ADDED ENTRY--PERSONAL NAME
Personal name ابو الهول، محي الدين يعقوب
9 (RLIN) 64950
Relator term مشرف
942 ## - ADDED ENTRY ELEMENTS (KOHA)
Source of classification or shelving scheme Library of Congress Classification
Koha item type Thesis
Suppress in OPAC No
Holdings
Withdrawn status Lost status Source of classification or shelving scheme Damaged status Not for loan Home library Current library Date acquired Total Checkouts Full call number Barcode Date last seen Price effective from Koha item type
    Library of Congress Classification     مكتبة جامعة عجلون الوطنية مكتبة جامعة عجلون الوطنية 15/07/2025   BP173.758.2025 A30254 15/07/2025 15/07/2025 Thesis
    Library of Congress Classification     مكتبة جامعة عجلون الوطنية مكتبة جامعة عجلون الوطنية 15/07/2025   BP173.758.2025 A30253 15/07/2025 15/07/2025 Thesis